Movies Quiz

Random Movies or Director Quiz
Score 0/26 Timer 07:00
0 Plays Today
Year Title % Correct
1959Les quatre cents coups (The 400 Blows)
97.4%
1962Jules et Jim (Jules and Jim)
88%
1960Tirez sur le pianiste (Shoot the Piano Player)
69.2%
1980Le dernier métro (The Last Metro)
67.5%
1973La nuit américaine (Day for Night)
63.2%
1966 Fahrenheit 451
59%
1968Baisers volés (Stolen Kisses)
53.8%
1968La mariée était en noir (The Bride Wore Black)
53%
1970Domicile conjugal (Bed & Board)
53%
1979L'amour en fuite (Love on the Run)
52.1%
1969La sirène du Mississipi (Mississippi Mermaid)
50.4%
1970L'enfant sauvage (The Wild Child)
50.4%
1962L'amour a vingt ans
46.2%
Year Title % Correct
1964La peau douce (The Soft Skin)
44.4%
1978La chambre verte (The Green Room or The Vanishing Fiancée)
44.4%
1975L'histoire d'Adèle H. (The Story of Adele H)
42.7%
1971Les deux anglaises et le continent (Two English Girls)
41.9%
1977L'homme qui aimait les femmes (The Man Who Loved Women)
41%
1983Vivement dimanche! (Confidentially Yours)
41%
1976L'argent de poche (Small Change)
39.3%
1981La femme d'a côté (The Woman Next Door)
33.3%
1957Les Mistons (The Kids)
31.6%
1972Une belle fille comme moi (A Gorgeous Bird Like Me)
16.2%
1961 (co-director) Une histoire d'eau (A Story of Water)
12%
1955Une Visite
4.3%
1960Tire-au-flanc 62 (The Sad Sack)
3.4%

You're not logged in!

Compare scores with friends on all Sporcle quizzes.
OR
Log In

Sporcle TV

Today on Sporcle TV


Watch our educational content, quiz creation guides, and fun videos on Sporcle TV.

Show Comments

Extras

Top Quizzes Today


Score Distribution

Paid Content

Your Account Isn't Verified!

In order to create a playlist on Sporcle, you need to verify the email address you used during registration. Go to your Sporcle Settings to finish the process.

Report this User

Report this user for behavior that violates our Community Guidelines.

Details: